000 00662nam a2200253Ia 4500
003 OSt
005 20221005051210.0
006 a|||||r|||| 00| 0
007 ta
008 221004b |||||||| |||| 00| 0 eng d
020 _a1843310309
024 _a80838
037 _cTextual
040 _aCRL
_cCRL
_beng
041 _2eng
_aeng
082 _aQ44Q7.P, P2
100 _aJaffrelot Christophe Ed.
245 0 _aHistory of Pakistan and its origins
260 _aLondon
_bAnthem Press
_c2002
300 _a326p.
_ccm.
650 _aRELIGION
942 _hQ44Q7.P, P2
_cTEXL
_2cc
999 _c958418
_d958418